000
00275nam a2200133Ia 4500
100
_a
Venkateswarlu/N.B
650
_a
Computers
942
_c
BK
245
_a
Unix/Linux/FAQ with tips
260
_b
BS Publication
_c
2007
300
_a
230
546
_a
ENGLISH
999
_c
20557
_d
20557